| 000 | 02144 a2200217 4500 | ||
|---|---|---|---|
| 020 | _a1566041937 | ||
| 040 |
_aDLC _bDLC |
||
| 082 | 0 | 0 | _a025.04 |
| 245 | 0 | 0 |
_aInternet roadside attractions : sites sounds and scenes along the information superhighway _bsites, sounds & scenes along the information superhighway _cGareth Branwyn |
| 250 | _a1st ed. | ||
| 260 |
_aChapel Hill, NC : _bVentana Press, _cc1995. |
||
| 300 |
_axxxiv, 341 p. : _bill. ; _c26 cm. + _e1 computer laser optical disc (4 3/4 in.) |
||
| 500 | _aIncludes index. | ||
| 505 | 1 | _aAfrican-Americans -- Aliens -- Angst -- Animation -- Anthropology -- Archaeology -- Architecture -- Art -- Astronomy -- BBSes -- Biology -- Bizarre -- Boating -- Books -- Botany -- Business & finance -- Canada -- Career -- Cartoons -- Chat -- Children -- Classics -- Comics -- Computers -- Consumer services -- Cryptography -- Cyberculture -- Cycling -- Dictionaries -- Drama -- Drugs -- Education -- Emergencies -- Encyclopedias -- England -- Environment -- Erotica -- Food & drink -- Frequently asked questions lists -- Fun -- Games -- Geography -- Geology -- Government -- History -- | |
| 505 | 1 | _aHumor -- Internet -- Internet giants -- Intrigue -- Jobs -- Journalism & media -- Kids -- Language -- Law -- Libraries -- Literature -- Macintosh -- Magazines & publications -- Mathematics -- Medicine -- Medieval studies -- Microsoft Windows -- Movies -- MUDs, MOOs & MUSHes -- Multimedia -- Music -- Mythology -- Natural history -- News -- Oceanography -- Paleontology -- Personals -- Philosophy -- Photography -- Poetry -- Politics -- Programming -- Psychology -- Publishing -- Quotations -- Radio -- Real estate -- Reference -- Religion -- Russia -- Science -- Science fiction -- | |
| 505 | 1 | _aSex -- Shopping -- Social issues -- Software -- Space -- Sports -- Star Trek -- Statistics -- Technology -- Telephony -- Television -- Travel -- United States -- Video -- Virtual reality -- Weather -- Women -- World cultures -- Zines -- Zoology. | |
| 650 | 0 |
_aInternet addresses _xDirectories. |
|
| 650 | 0 | _aInformation superhighway. | |
| 700 | 1 | _aBranwyn, Gareth. | |
| 942 |
_cBK _k025.04 BRA _2ddc |
||
| 999 |
_c6926 _d6926 |
||